L"essentiel de la Cinétique et de la Thermodynamique Chimique : À Travers les Problèmes de Concours /

Zapisane w:
Opis bibliograficzny
1. autor: Guignard, Danielle.
Format: Sách giấy
Wydane: Paris : Ellipses, 1992.
Etykiety: Dodaj etykietę
Nie ma etykietki, Dołącz pierwszą etykiete!
Thư viện lưu trữ: Thư viện Trường Đại học Đà Lạt
LEADER 00648nam a2200253 4500
001 DLU020004128
005 ##19990529
040 # # |a DLU  |b vie 
041 # # |f re 
044 # # |a fr 
082 # # |a 541.369  |b GU-D 
100 # # |a Guignard, Danielle. 
245 # # |a L"essentiel de la Cinétique et de la Thermodynamique Chimique :  |b À Travers les Problèmes de Concours /  |c Guignard Danielle. 
260 # # |a Paris :  |b Ellipses,  |c 1992. 
300 # # |a 222 tr. ;  |c 26 cm. 
992 # # |a 183000 
994 # # |a DLU 
900 # # |a False 
911 # # |a Administrator 
925 # # |a G 
926 # # |a A 
927 # # |a SH 
980 # # |a Thư viện Trường Đại học Đà Lạt